| 000 | 00587cam a2200229ua 4500 | ||
|---|---|---|---|
| 020 |
_a81-204-0416-5 _c139.00 |
||
| 041 |
_aeng _h |
||
| 082 |
_a630.21 _bDEG/FU |
||
| 100 | _aDe, Gopal Chandra . | ||
| 245 | 0 | 0 |
_aFundamentals of agronomy / _cGopal Chandra De. _hTextual Documents |
| 260 |
_aNew Delhi : _bOxford & IBH Publishing company , _c2002. |
||
| 300 | _a429 ; . | ||
| 365 | _a139.00 | ||
| 500 | _a20883-Scheme | ||
| 504 | _a | ||
| 942 | _cBK | ||
| 999 |
_c386 _d386 |
||